Ciudades más grandes de España en un mapa - Estadísticas

Estadísticas generales
  • Esta prueba ha sido intentada 83 veces
  • La puntuación promedio es 25 de 30
Respuestas en el mapa
Las respuestas están codificadas por una escala verde-roja en el mapa de la prueba según el % correcto abajo.
 
Estadísticas de respuestas
Población Ciudad % Correcto
1 702 547 Barcelona
100%
3 416 771 Madrid
97%
348 089 Bilbao
96%
687 488 Sevilla
96%
825 948 Valencia
96%
686 986 Zaragoza
96%
591 637 Málaga
95%
431 521 Palma de Mallorca
95%
474 617 Murcia
92%
300 618 Valladolid
91%
322 811 Córdoba
89%
268 561 Gijón
88%
207 777 Pamplona
88%
220 543 Oviedo
87%
358 720 Alicante
85%
249 261 La Coruña
85%
232 717 Granada
84%
202 675 Almería
83%
293 997 Vigo
83%
380 436 Las Palmas de Gran Canaria
81%
257 968 Vitoria
79%
219 777 Cartagena
76%
279 993 Hospitalet de Llobregat
73%
211 359 Santa Cruz de Tenerife
69%
243 128 Elche
68%
213 668 Jerez de la Frontera
68%
227 083 Badalona
67%
214 006 Móstoles
63%
222 177 Sabadell
53%
228 708 Tarrasa
31%
No se encontraron pruebas coincidentes
Distribución de puntuación
Porcentaje de gente con cada puntuación
Porcentaje por número respondido
Historial de tus puntuaciones
No has intentado esta prueba.